| 000 | 00553nam a2200229Ia 4500 | ||
|---|---|---|---|
| 003 | OSt | ||
| 005 | 20220928141819.0 | ||
| 006 | a|||||r|||| 00| 0 | ||
| 007 | ta | ||
| 008 | 220927b |||||||| |||| 00| 0 eng d | ||
| 024 | _a17799 | ||
| 037 | _cTextual | ||
| 040 |
_aSDCL _cSDCL _beng |
||
| 041 |
_2eng _aeng |
||
| 082 | _aO15:gx1,1, N8 | ||
| 100 |
_aMuni Bharat _9502304 |
||
| 245 | 0 | _aNatyasastra. | |
| 260 | _c1998 | ||
| 650 |
_aSanskrit _9391587 |
||
| 942 |
_hO15:gx1,1, N8 _cTEXL _2CC |
||
| 999 |
_c820085 _d820085 |
||